000 00339nam a2200133Ia 4500
008 220204s9999 xx 000 0 und d
082 _a547
_bAGA
100 _aAgarwal, O P
245 0 _aReactions and reagents in organic chemistry
260 _aMeerut
_bGoel
_c1974
650 _aOrganic chemistry
700 _aSharma, O D
942 _cBK
999 _c23040
_d23040